Beffrois par image n°1 - Statistiques

Statistiques générales
  • Ce quiz a été pris 22 fois
  • Le résultat moyen est 4 sur 10
Statistiques - réponses
Par images Réponse % Correct
Lille
100%
Arras
72%
Calais
56%
Bruges
39%
Douai
39%
Anvers
33%
Boulogne-sur-mer
33%
Bergues
28%
Abbeville
17%
Estaires
11%
Aucun quiz correspondant
Distribution des résultats
% des personnes avec chaque résultat
Percentile par nombre de réponses
Votre historique - résultats
Vous n’avez pas pris ce quiz